| 000 | 01491nam a2200409 a 4500 | ||
|---|---|---|---|
| 001 | vtls000211356 | ||
| 003 | NLI | ||
| 005 | 20210602121014.0 | ||
| 008 | 101126s1969 enk 000 1 eng | ||
| 020 | _cRs. 35.00 | ||
| 039 | 9 |
_y201011260046 _zVLOAD |
|
| 040 | 0 |
_aNLI _beng _cVERGIS-2010 _eAACR2 |
|
| 041 | 1 |
_aeng _hhin |
|
| 044 | _aenk | ||
| 082 | 0 | 4 | _a891.43 |
| 100 | 0 |
_aPremacand _9152691 |
|
| 245 | 1 | 4 |
_aThe world of Premchand : _bselected stories of Premchand / _ctranslated [from the Hindi] by David Rubin |
| 260 |
_aLondon : _bAllen & Unwin, _c1969 |
||
| 300 |
_a215 p. ; _c22 cm. |
||
| 440 | 0 |
_aUNESCO Asian fiction series ; _v3 _9402579 |
|
| 440 | 0 |
_aUNESCO collection of representative works. _pIndian series. _9195847 |
|
| 500 | _aGlossary : p. 213-215 | ||
| 500 | _aLibrary has 2 cops. | ||
| 600 | 0 | 0 |
_aPremacanda, _d1881-1936 _9392069 |
| 650 | 0 |
_aHindi fiction _xTranslations into English _92976 |
|
| 651 | 0 |
_aIndia _xSocial life and customs _xFiction _9296862 |
|
| 700 | 1 |
_aRubin, David, _4trl _9211518 |
|
| 887 | _a | ||
| 901 |
_a394769 _b04.03.1970 _9c.1 |
||
| 901 |
_a394370 _b24.02.1970 _9c.2 |
||
| 902 | _aE 891.43 Sr 38 w | ||
| 949 |
_AVIRTUAITEM _D10000 _X100 _6PUR000394769ENG _9. |
||
| 942 |
_2ddc _cBKS |
||
| 949 |
_AVIRTUAITEM _D10000 _X100 _6PUR000394370ENG |
||
| 991 | _eShamshadsabir 19.03.2010 | ||
| 999 |
_aVIRTUA40 _c219585 _d219585 |
||
| 999 | _aVTLSSORT0080*0200*0400*0410*0440*0820*1000*2450*2600*3000*4400*4401*5000*5001*6000*6500*6510*7000*9010*9011*9020*9490*9491*9910*9991 | ||